Statistiques concernant Les 100 séries les plus connues

Cliquez ici pour prendre le quiz!

Statistiques générales

  • Ce quiz a été pris 296 fois
  • Le résultat moyen est 18 sur 100

Statistiques - réponses

Réponse% Correct
3Breaking Bad
70%
1Game Of Thrones
68%
84Friends
67%
4Stranger Things
67%
33The 100
64%
2The Walking Dead
61%
6La Casa de Papel
57%
46Prison Break
50%
10Gossip Girl
45%
21Elite
44%
69Grey's Anatomy
42%
71The Big Bang Theory
41%
37Orange is the new black
39%
52Desperate Housewives
38%
13Riverdale
38%
29Lucifer
36%
8The Vampire Diaries
36%
1213 Reasons Why
35%
5Peaky Blinders
34%
43Sex Education
34%
9Teen Wolf
34%
64You
33%
15Vikings
31%
74How I met your mother
28%
14Black Mirror
25%
7Narcos
25%
22Dexter
24%
41Dr House
23%
82Lost
22%
27Murder
20%
83American Horror Story
19%
11Arrow
19%
23Dark
19%
60Flash
19%
79Glee
17%
63The Good Doctor
17%
38The Originals
17%
70Umbrella Academy
17%
34Suits
16%
47Supernatural
16%
94Gilmore Girls
15%
91Jane the Virgin
15%
85Malcom
15%
42Les simpson
14%
77Modern Family
13%
56Once upon a time
13%
18Sherlock
13%
28House of Cards
12%
20Les frères Scott
12%
36Esprits Criminel
11%
32 | 93Sense 8
11%
65Shadowhunters
11%
35Bones
10%
66Dynasty
10%
76Supergirl
10%
81X files
10%
30Rick et Morty
9%
67Sabrina
9%
45Reign
8%
51Smallville
8%
16Outlander
7%
86Scandal
7%
49The OA
7%
57Under the dome
7%
24The Punisher
6%
99Baby
5%
55Ghost Whisperer
5%
53La petite maison dans la prairie
5%
31Orphan Black
5%
26The Last Kingdom
5%
97Black List
4%
73Blacklist
4%
89Devious Maid
4%
92Scream
4%
98Sons of Anarchy
4%
61Zoo
4%
72Empire
3%
100Kyle XY
3%
62Revenge
3%
48Bates Motel
2%
80Castle
2%
50Charmes
2%
59Dardeville
2%
17Gomorra
2%
90Grimm
2%
78The good Wife
2%
19This is us
2%
75True Blood
2%
40Dix pour cent
1%
54Docteur Quinn
1%
95Iron Fist
1%
39Power
1%
25Skam
1%
58Frontier
0%
96Limitless
0%
88Person of interest
0%
87Queen of the south
0%
44Salem
0%
68Tidelands
0%

Distribution des résultats

Percentile par nombre de réponses

% des personnes avec chaque résultat

Votre développement - résultats

Vous n’avez pas pris ce quiz